| Tag |
First Indicator |
Second Indicator |
Subfields |
| LEADER |
00000cam a2200000 a 4500 |
| 001 |
in00002127828 |
| 005 |
20151103063227.0 |
| 008 |
060223s2005 enkaf bq 001 0beng |
| 010 |
|
|
|a 2006373497
|
| 015 |
|
|
|a GBA569470
|2 bnb
|
| 016 |
7 |
|
|a 013274805
|2 Uk
|
| 020 |
|
|
|a 1862273146
|
| 035 |
|
|
|a (OCoLC)ocm61302833
|
| 040 |
|
|
|a DLC
|c DLC
|d UKM
|d BWKUK
|d BAKER
|d TXA
|d UtOrBLW
|
| 043 |
|
|
|a e-gx---
|
| 049 |
|
|
|a TXAM
|
| 050 |
0 |
0 |
|a DD247.H5
|b N65 2005
|
| 100 |
1 |
|
|a Norman, Andrew,
|d 1943-
|
| 245 |
1 |
0 |
|a Adolf Hitler :
|b the final analysis /
|c Andrew Norman.
|
| 264 |
|
1 |
|a Staplehurst, Kent :
|b Spellmount,
|c [2005]
|
| 264 |
|
4 |
|c ©2005
|
| 300 |
|
|
|a x, 309 pages [plates] :
|b illustrations ;
|c 25 cm.
|
| 336 |
|
|
|a text
|b txt
|2 rdacontent
|
| 337 |
|
|
|a unmediated
|b n
|2 rdamedia
|
| 338 |
|
|
|a volume
|b nc
|2 rdacarrier
|
| 504 |
|
|
|a "Film documentation": page 294.
|
| 504 |
|
|
|a Includes bibliographical references (pages 291-293) and index.
|
| 600 |
1 |
0 |
|a Hitler, Adolf,
|d 1889-1945.
|
| 650 |
|
0 |
|a Heads of state
|z Germany
|v Biography.
|
| 651 |
|
0 |
|a Germany
|x Politics and government
|y 1933-1945.
|
| 650 |
|
0 |
|a National socialism
|x History.
|
| 856 |
4 |
1 |
|3 Table of contents
|u http://www.loc.gov/catdir/toc/fy0606/2006373497.html
|t 0
|
| 994 |
|
|
|a C0
|b TXA
|
| 948 |
|
|
|a cataloged
|b h
|c 2006/4/25
|d c
|e aklinger
|f 10:31:43 am
|
| 999 |
|
|
|a MARS
|
| 999 |
f |
f |
|s 80784c13-9f76-3623-aa7e-fdeaa78d2a28
|i 60fb015a-0025-390c-9ee2-51a70ddd11e1
|t 0
|
| 952 |
f |
f |
|p ric
|a Texas A&M University
|b Rellis Campus
|c Joint Library Facility
|d Remote Storage
|t 0
|e DD247.H5 N65 2005
|h Library of Congress classification
|i unmediated -- volume
|m A14834085128
|
| 998 |
f |
f |
|a DD247.H5 N65 2005
|t 0
|l Remote Storage
|